| 000 | 00649nam a2200229 i 4500 | ||
|---|---|---|---|
| 001 | bg | ||
| 100 | 1 | _aCIOCH, Henryk | |
| 245 | 1 | 0 |
_aPrawo fundacyjne / _cHenryk Cioch. |
| 260 |
_aWarszawa : _b"Difin", _c2002. |
||
| 300 |
_a286 s. ; _c23 cm. |
||
| 504 | _aBibliogr. | ||
| 505 | _aZawiera także teksty aktów prawnych. | ||
| 650 | 9 |
_aFundacja _xprawo _zPolska _ystan na 2002 r. |
|
| 020 | _a8372512140 | ||
| 040 | _cBPK | ||
| 041 | 0 | _apl | |
| 080 | _a347.191.12(438) | ||
| 920 | _a83-7251-214-0 | ||
| 942 | _cKS | ||
| 008 | s pl f |000 0 pol | ||
| 999 |
_c41545 _d41545 |
||
| 856 |
_uhttp://koha.tu.koszalin.pl/cgi-bin/koha/opac-detail.pl?biblionumber=41545 _yKatalog online BPK |
||